| 000 | 00766nam a22002531a 4500 | ||
|---|---|---|---|
| 999 |
_c1066 _d1066 |
||
| 008 | 191122r20082013ii a|||g |||| 001 0 eng d | ||
| 020 |
_a9788131719534 _cRs. 750.00 |
||
| 040 |
_aKO _beng |
||
| 041 | 0 | _aeng | |
| 044 | _aii | ||
| 082 | 0 | 4 |
_223 _a621.382 _bT591 |
| 100 | 1 | _aTomasi, Wayne | |
| 245 | 1 | 0 |
_aElectronic Communication Systems : _bFundamentals Through Advanced / _cWayne Tomasi |
| 250 | _a5th ed. | ||
| 260 |
_aNoida : _bDorling Kindersley (India) Pvt Ltd, _c2008, reprinted 2013 |
||
| 300 |
_axvi, 1115 p. : _bill. ; _c25.5 cm. |
||
| 504 | _aIncludes index. | ||
| 650 | 0 |
_aTelecommunication systems _vTextbooks |
|
| 650 | 0 |
_aDigital communications _vTextbooks |
|
| 650 | 0 | _aData transmission systems | |
| 904 | _aS_JOY | ||
| 942 | _cBK | ||